000 00479nam a22001337a 4500
005 20260311094708.0
008 260311b |||||||| |||| 00| 0 eng d
100 _aOGUCHA ELIZA
245 _aASSESSEMENT OF THE EFFECTS OF TANGIBLE AND INTAGIBLE FACTORS OF SERVICE QUALITY ON TOURISTS SATISFACTION IN HOMESTAY FACILITIES IN THE LAKE VICTORIA KENYA TOURISM CIRCUIT
260 _aKISII
_bKSU
_c2014
300 _aXii,58P;ILL.
500 _aINCLUDES REFERENCES
942 _2lcc
_cREF
999 _c216820
_d216820